000 00665nam a22001937a 4500
003 0
005 20240910150404.0
008 240910b xxu||||| |||| 00| 0 eng d
020 _a978-1-119-98490-0
050 _aLB 1715
_b.Em64 2023
100 _aEmerson, Michelle
245 _aFirst class teaching
_b10 lessons you don't learn in college
_cMichelle Emerson
260 _aHoboken, New Jersey
_bJohn Wiley & Sons, Inc.
_c2023
300 _axi, 196 pages ;
_c23cm.
504 _aIncludes bibliographical references and index.
650 _aTeachers--training of--United States.
650 _aTeaching--vocational guidance--United States.
942 _2lcc
_cBK
999 _c366208
_d366208